000 00473nam a2200181Ia 4500
005 20250508150835.0
008 008 250505s9999 xx 000 0 hin d
037 _aTextual
040 _aFEDL
_beng
_cFEDL
041 _ahin
_2hin
084 _a891.431, UER
_qFEDL
100 _aVerma Mahadevi
245 0 _aDeep sikha
260 _aAllahabad, India
_bKitabistan
_c1950
300 _a51p.
942 _cTEXL
_h891.431, UER
999 _c1326004
_d1326004